[Event "FIDE World Rapid Team"]
[Site "London ENG"]
[Date "2025.06.13"]
[Round "10.55"]
[White "Navara, David"]
[Black "Van Foreest, Jorden"]
[Result "0-1"]
[WhiteElo "2671"]
[BlackElo "2640"]
[EventDate "2025.06.11"]

1. e4 c6 2. d4 d5 3. e5 Bf5 4. Nf3 e6 5. Be2 Nd7 6. Nbd2 Ne7 7. O-O Ng6 8.
Nb3 c5 9. c4 dxc4 10. Bxc4 a6 11. dxc5 Bxc5 12. Nxc5 Nxc5 13. Be3 Nd7 14.
Nd4 Ndxe5 15. Nxf5 exf5 16. Bd5 Qd7 17. Qb3 O-O 18. Rfd1 Qe7 19. Qxb7 Qh4
20. Rd4 f4 21. g3 Qf6 22. gxf4 Ng4 23. Qc6 Qe7 24. Qb7 Qf6 25. Qd7 Nxe3 26.
fxe3 Rab8 27. Bb3 Rbd8 28. Qa7 Nh4 29. Kf2 Nf5 30. Rxd8 Rxd8 31. Rd1 Rxd1
32. Bxd1 Qxb2+ 33. Be2 g6 34. Qxa6 Qd2 35. Qa7 h5 36. a4 Qc1 37. Qb8+ Kh7
38. Qe8 Nh6 39. a5 Qh1 40. a6 Qxh2+ 41. Ke1 Qh1+ 42. Kd2 Qd5+ 43. Kc3 Qc5+
44. Kb3 h4 45. Bc4 h3 46. Bxf7 Qb6+ 47. Kc3 Qf6+ 48. Kc2 Qf5+ 49. e4 Qxf7
50. Qxf7+ Nxf7 51. a7 h2 52. a8=Q h1=Q 53. Kd2 Qf3 54. f5 gxf5 0-1

[Event "FIDE World Rapid Team"]
[Site "London ENG"]
[Date "2025.06.13"]
[Round "10.56"]
[White "Moussard, Jules"]
[Black "Klimkowski, Jan"]
[Result "1-0"]
[WhiteElo "2609"]
[BlackElo "2416"]
[EventDate "2025.06.11"]

1. Nf3 d5 2. e3 Nf6 3. b3 Bf5 4. Be2 h6 5. Ba3 Nbd7 6. c4 e6 7. Bxf8 Nxf8
8. Nc3 N8d7 9. cxd5 exd5 10. b4 O-O 11. O-O c6 12. Qb3 Re8 13. b5 Nc5 14.
Qa3 Ne6 15. bxc6 bxc6 16. d4 Qb6 17. Rfc1 a5 18. Qa4 Rec8 19. Qd1 c5 20.
Na4 Qd6 21. dxc5 Nxc5 22. Nd4 Bd7 23. Nxc5 Rxc5 24. Rxc5 Qxc5 25. Bd3 Rc8
26. h3 Qa3 27. Bf5 Bxf5 28. Nxf5 Kh7 29. Nd4 g6 30. Rb1 Kg7 31. Qb3 Rc1+
32. Kh2 Qd6+ 33. g3 Rxb1 34. Qxb1 Ne4 35. Qb2 Kg8 36. Kg2 h5 37. Qb5 Qc5
38. Qxc5 Nxc5 39. Nc6 a4 40. Ne7+ Kf8 41. Nxd5 Ke8 42. Kf3 Kd7 43. Nc3 Kc6
44. e4 Kb6 45. Ke3 Ka5 46. Kd4 Kb4 47. Nd5+ Kb5 48. Nc3+ Kb4 49. Nd5+ Kb5
50. f4 a3 51. Nc3+ Kb4 52. Nd5+ Kb5 53. f5 gxf5 54. exf5 Kc6 55. Ne3 Nb7
56. Nc4 f6 57. g4 hxg4 58. hxg4 Nd8 59. Nxa3 Nf7 60. Nc4 Nh6 61. Ne3 Nf7
62. Nd5 1-0

[Event "FIDE World Rapid Team"]
[Site "London ENG"]
[Date "2025.06.13"]
[Round "10.57"]
[White "Seemann, Jakub"]
[Black "Dardha, Daniel"]
[Result "1/2-1/2"]
[WhiteElo "2392"]
[BlackElo "2582"]
[EventDate "2025.06.11"]

1. e4 d6 2. d4 Nf6 3. Nc3 e5 4. Nge2 Be7 5. g3 O-O 6. Bg2 a6 7. a4 b6 8.
O-O Bb7 9. h3 Nbd7 10. g4 b5 11. g5 Ne8 12. Qd2 Nb6 13. b3 b4 14. Nd5 Nxd5
15. exd5 a5 16. Re1 f5 17. gxf6 Nxf6 18. dxe5 dxe5 19. d6 Bxg2 20. dxe7
Qxe7 21. Kxg2 Rad8 22. Qe3 Nd5 23. Qe4 Rd6 24. Ng3 Qf7 25. Be3 Rg6 26. Rh1
Nf4+ 27. Kh2 Qd7 28. Bxf4 Rxf4 29. Qe3 h5 30. Rad1 Qc6 31. Rhg1 Rf3 32.
Rd8+ Kh7 33. Qe2 Qf6 34. Ne4 Qf4+ 35. Rg3 h4 36. Qxf3 hxg3+ 37. Kg2 gxf2+
38. Kxf2 Qh4+ 39. Ke2 Qxd8 40. Qh5+ Rh6 41. Ng5+ Kg8 42. Qf7+ Kh8 43. Qf5
Qe8 44. Nf7+ Kg8 45. Nxh6+ gxh6 46. Ke3 Qc6 47. Qxe5 Qxc2 48. Qe8+ Kg7 49.
Qe7+ Kg6 50. Qe8+ Kg7 51. Qe7+ Kg6 52. Qe8+ Kg5 53. Qe7+ Kg6 54. Qe6+ Kg7
1/2-1/2

[Event "FIDE World Rapid Team"]
[Site "London ENG"]
[Date "2025.06.13"]
[Round "10.58"]
[White "Maurizzi, Marc`andria"]
[Black "Cieslak, Patryk"]
[Result "0-1"]
[WhiteElo "2472"]
[BlackElo "2220"]
[EventDate "2025.06.11"]

1. e4 c5 2. Nf3 d6 3. c3 Nf6 4. Be2 Bd7 5. Qc2 Qc7 6. O-O g6 7. d4 cxd4 8.
Nxd4 Bg7 9. c4 Nc6 10. Be3 Nxd4 11. Bxd4 b5 12. Nc3 e5 13. Be3 b4 14. Nd5
Nxd5 15. exd5 f5 16. a3 f4 17. Bd2 Bf5 18. Bd3 b3 19. Qxb3 Rb8 20. Qa4+ Bd7
21. Qc2 e4 22. Bxe4 Rxb2 23. Qd3 O-O 24. Rac1 Be5 25. c5 Bb5 26. Qh3 Rxd2
27. Rfe1 Bd7 28. Qh6 Bg7 29. Qg5 Qd8 30. Qxd8 Rxd8 31. c6 Bc8 32. f3 Kf8
33. Rb1 Rb2 34. Rbc1 Re8 35. Rc4 Rb5 36. Rd1 Be5 37. h3 Ke7 38. Kh2 a5 39.
h4 Rc5 40. Rxc5 dxc5 41. Rb1 Bc7 42. h5 gxh5 43. Bxh7 Kd6 44. Be4 Re5 45.
Kg1 Bf5 0-1

[Event "FIDE World Rapid Team"]
[Site "London ENG"]
[Date "2025.06.13"]
[Round "10.59"]
[White "Tsatsalashvili, Keti"]
[Black "Roebers, Eline"]
[Result "0-1"]
[WhiteElo "2254"]
[BlackElo "2404"]
[EventDate "2025.06.11"]

1. d4 f5 2. Nf3 Nf6 3. Bg5 e6 4. Bxf6 Qxf6 5. e3 d5 6. c4 c6 7. Bd3 Bd6 8.
O-O O-O 9. Nc3 Bd7 10. cxd5 exd5 11. Ne2 Be8 12. Qb3 Rf7 13. Rac1 a5 14.
Bb1 a4 15. Qd3 Nd7 16. Nd2 Qh6 17. f4 Re7 18. Nf3 Nf6 19. Ne5 Ne4 20. Nc3
Qe6 21. Nxe4 dxe4 22. Qc4 Qxc4 23. Nxc4 Bc7 24. Ne5 Ra5 25. Nc4 Rb5 26. Rf2
Bf7 27. Ne5 Bd5 28. Bc2 g5 29. fxg5 Bxe5 30. dxe5 Rxe5 31. Bxa4 Rb4 32. Bd1
Bxa2 33. Ra1 Bf7 34. h4 Reb5 35. Be2 Rd5 36. Bd1 Be6 37. h5 Rd3 38. Re2 Kg7
39. Kh2 Bf7 40. Rf2 Rb5 41. Ra3 Rxd1 0-1

[Event "FIDE World Rapid Team"]
[Site "London ENG"]
[Date "2025.06.13"]
[Round "10.60"]
[White "Phulpin, Theo"]
[Black "Smolinski, Wojciech"]
[Result "0-1"]
[WhiteElo "1754"]
[BlackElo "1929"]
[EventDate "2025.06.11"]

1. e4 c5 2. d4 cxd4 3. Qxd4 Nc6 4. Qd3 Nf6 5. Nc3 g6 6. Nf3 d6 7. Be2 Bg7
8. O-O O-O 9. Nd5 Bg4 10. Bg5 Bxf3 11. Bxf3 Ne5 12. Qb3 Nxf3+ 13. Qxf3 Nxd5
14. exd5 Qd7 15. c3 Rac8 16. Qe3 Rfe8 17. Qxa7 Qf5 18. Be3 Qxd5 19. Rfd1
Qe4 20. Qa5 Qc4 21. Qd5 Qa6 22. a4 Rc4 23. a5 Rec8 24. Bb6 R4c6 25. Re1 e5
26. Rad1 Bf8 27. Re3 Qc4 28. Qxc4 Rxc4 29. Rd5 Be7 30. g3 f5 31. Rdd3 Kf7
32. b3 R4c6 33. c4 Ke6 34. h4 Bd8 35. Bxd8 Rxd8 36. Rd5 Ra8 37. Rb5 Ra7 38.
f3 Rc5 39. Rxc5 dxc5 40. Rd3 Rxa5 41. Kf2 Ra3 42. Ke3 b6 43. Kd2 e4 44.
fxe4 fxe4 45. Re3 Ke5 46. Kc3 Ra2 47. Re1 Rf2 48. Re3 Rf3 49. Kd2 Rxe3 50.
Kxe3 h5 51. Ke2 Kd4 52. Kd2 e3+ 53. Ke2 Ke4 54. Kf1 Kf3 55. Ke1 e2 56. b4
cxb4 57. c5 bxc5 58. g4 hxg4 59. h5 gxh5 60. Kd2 0-1

[Event "FIDE World Rapid Team"]
[Site "London ENG"]
[Date "2025.06.13"]
[Round "10.1"]
[White "Oro, Faustino"]
[Black "Gelfand, Boris"]
[Result "0-1"]
[WhiteElo "2457"]
[BlackElo "2622"]
[EventDate "2025.06.11"]
[Board "1"]

1. d4 Nf6 2. Nf3 d5 3. c4 e6 4. Nc3 c6 5. e3 Nbd7 6. Qc2 Bd6 7. b3 O-O 8.
Be2 e5 9. cxd5 Nxd5 10. Nxd5 cxd5 11. dxe5 Nxe5 12. O-O Nxf3+ 13. Bxf3 Qh4
14. g3 Qf6 15. Bxd5 Bf5 16. e4 Bh3 17. Rd1 Be5 18. Qe2 Bxa1 19. Be3 Bc3 20.
Bxb7 Rab8 21. Bd5 a5 22. Rc1 Rbc8 0-1

[Event "FIDE World Rapid Team"]
[Site "London ENG"]
[Date "2025.06.13"]
[Round "10.1"]
[White "Rodshtein, Maxim"]
[Black "Ahmad, Khagan"]
[Result "1-0"]
[WhiteElo "2603"]
[BlackElo "2301"]
[EventDate "2025.06.11"]
[Board "2"]

1. Nf3 d5 2. g3 Nd7 3. d4 Nb6 4. Nc3 Bf5 5. Nh4 Bg4 6. h3 Bh5 7. a4 e6 8.
Ng2 Bb4 9. Nf4 Bg6 10. a5 Nc4 11. a6 b5 12. Bg2 Nf6 13. O-O c6 14. Na2 Bd6
15. b3 Nb6 16. Bd2 Bf5 17. Nb4 Qc7 18. e3 h5 19. Nbd3 g5 20. Ne2 O-O-O 21.
Ba5 h4 22. g4 Nxg4 23. hxg4 Bxg4 24. Bxb6 axb6 25. f3 h3 26. Bh1 h2+ 27.
Kf2 Bh3 28. Bg2 g4 29. f4 Be7 30. Rh1 g3+ 31. Nxg3 Bh4 32. Bxh3 Rdg8 33.
Bg4 Qe7 34. a7 Bxg3+ 35. Ke2 Kb7 36. Bf3 Ra8 37. c4 f6 38. cxb5 cxb5 39.
Qc2 Rhc8 40. Qa2 Rc3 41. Rhc1 b4 42. Qa6+ Kc7 43. Rxc3+ bxc3 44. Rc1 Kd8
45. Qxb6+ Qc7 46. Qxc7+ Kxc7 47. Rxc3+ Kd6 48. Kf1 Rxa7 49. Kg2 Rg7 50. Kh3
f5 51. b4 Rg4 52. b5 Bh4 53. Kxh2 Rg3 54. Ne5 Rg8 55. b6 Bg3+ 56. Kh3 1-0

[Event "FIDE World Rapid Team"]
[Site "London ENG"]
[Date "2025.06.13"]
[Round "10.1"]
[White "Bronstein, Or"]
[Black "Xu, Yuanyuan"]
[Result "1-0"]
[WhiteElo "2345"]
[BlackElo "2251"]
[EventDate "2025.06.11"]
[Board "4"]

1. d4 d5 2. c4 e6 3. Nf3 c6 4. e3 Nd7 5. b3 Ngf6 6. Bd3 c5 7. O-O cxd4 8.
exd4 b6 9. Nc3 Bb7 10. Qe2 Be7 11. Bb2 O-O 12. Rad1 Rc8 13. Rfe1 Qc7 14.
Ne5 Rfe8 15. Rc1 dxc4 16. Bxc4 Nxe5 17. dxe5 Nd7 18. Nb5 Qb8 19. Red1 Red8
20. Nd6 Rc7 21. Qh5 g6 22. Qg4 Bd5 23. Qf4 f5 24. Rxd5 exd5 25. Bxd5+ Kg7
26. Rxc7 Qxc7 27. Ne8+ 1-0

[Event "FIDE World Rapid Team"]
[Site "London ENG"]
[Date "2025.06.13"]
[Round "10.1"]
[White "Lohia, Sohum"]
[Black "Lahav, Michal"]
[Result "1/2-1/2"]
[WhiteElo "2097"]
[BlackElo "2100"]
[EventDate "2025.06.11"]
[Board "5"]

1. e4 e6 2. d4 d5 3. Nc3 Nf6 4. Bg5 Bb4 5. e5 h6 6. Bd2 Bxc3 7. Bxc3 Ne4 8.
Bd2 c5 9. Be3 cxd4 10. Bxd4 Qc7 11. f3 Nc5 12. f4 g5 13. fxg5 hxg5 14. Bxc5
Qxc5 15. Qd2 Nc6 16. O-O-O Rg8 17. Nf3 g4 18. Nd4 Nxe5 19. Qf4 Ng6 20. Qxg4
Bd7 21. Qg3 Rc8 22. Qb3 a6 23. Kb1 b5 24. g3 Ne5 25. Be2 Nc4 26. Rhe1 Kf8
27. Bxc4 dxc4 28. Qe3 Rg6 29. c3 Kg8 30. Qd2 Bc6 31. Rf1 Be4+ 32. Ka1 Bd3
33. Rf2 b4 34. Qf4 Rg7 35. cxb4 Qxb4 36. Ne2 Bc2 37. Rc1 Bd3 38. Nc3 a5 39.
a3 Qc5 40. Rd2 Qg5 41. Qf2 Qc5 42. Qf4 Qg5 43. Qf2 Qc5 44. Qe1 Rb8 45. Qd1
Qe3 46. Qe1 Qc5 47. Qd1 Qe3 48. Qe1 Qc5 49. Rf2 Rb3 50. Rf4 Rg5 51. Qf2
Qxf2 52. Rxf2 Rh5 53. Nd1 Kg7 54. Ne3 Rc5 55. Rd2 Kg6 56. Ka2 Bb1+ 57. Kxb1
Rxe3 58. Rdc2 Rb5 59. Rxc4 Rxa3 60. Rg4+ Kf6 61. Rf4+ Kg6 62. Rg4+ Kf6 63.
Rf1+ Ke7 64. Rg7 Rab3 65. Rgxf7+ Kd6 66. R7f2 Rd3 67. Rf3 Rd2 68. b3 a4 69.
R1f2 Rxf2 70. Rxf2 Rxb3+ 71. Ka2 Rd3 72. Rg2 e5 73. h4 e4 74. h5 Ke5 75. g4
e3 76. h6 Kf6 77. g5+ Kg6 78. Rg1 e2 79. Re1 Re3 80. Kb2 Re8 81. Ka3 Re4
82. Kb2 Re3 83. Ka2 Re8 84. Ka3 Kxg5 85. h7 Kg6 86. h8=B Rxh8 87. Rxe2
1/2-1/2

[Event "FIDE World Rapid Team"]
[Site "London ENG"]
[Date "2025.06.13"]
[Round "10.1"]
[White "Lapushnian, Eran"]
[Black "Yildiz, Ali Aras"]
[Result "0-1"]
[WhiteElo "1916"]
[BlackElo "1835"]
[EventDate "2025.06.11"]
[Board "6"]

1. e4 c5 2. Nf3 d6 3. d4 cxd4 4. Nxd4 Nf6 5. Nc3 g6 6. Be3 Bg7 7. f3 Nc6 8.
Qd2 O-O 9. O-O-O d5 10. exd5 Nxd5 11. Nxc6 bxc6 12. Bd4 e5 13. Bc5 Be6 14.
Ne4 Re8 15. g4 Nf4 16. Qxd8 Rexd8 17. Ba6 Bd5 18. Rhf1 Rab8 19. a3 f5 20.
gxf5 gxf5 21. Nc3 Be6 22. Rxd8+ Rxd8 23. Rd1 Nd5 24. Rg1 Nxc3 25. bxc3 Kf7
26. Bd3 Bh6+ 27. Kb1 Rb8+ 28. Ka1 Bd2 29. Bb4 c5 30. Ba5 c4 31. Rd1 Rb5 32.
Bb4 a5 33. Bf1 Rd5 34. Bxc4 Bxc3+ 35. Bxc3 Rxd1+ 36. Kb2 Bxc4 37. Bxe5 Bd5
38. Bc3 a4 39. Be5 Bxf3 0-1

[Event "FIDE World Rapid Team"]
[Site "London ENG"]
[Date "2025.06.13"]
[Round "10.2"]
[White "Gan-Erdene, Sugar"]
[Black "Suleimen, Ergali"]
[Result "1/2-1/2"]
[WhiteElo "2433"]
[BlackElo "2336"]
[EventDate "2025.06.11"]
[Board "1"]

1. e4 c5 2. Nf3 e6 3. d4 cxd4 4. Nxd4 Nc6 5. Nc3 Qc7 6. Be3 a6 7. f4 b5 8.
Nb3 Bb7 9. Bd3 Nf6 10. e5 b4 11. Ne4 Nxe4 12. Bxe4 d6 13. exd6 Bxd6 14. Qd2
O-O 15. Rd1 Be7 16. Qd7 Rac8 17. Qxc7 Rxc7 18. Bb6 Rcc8 19. O-O Na5 20.
Bxb7 Nxb7 21. Rd7 Bc5+ 22. Nxc5 Nxc5 23. Rd4 Na4 24. Rxb4 Nxb6 25. Rxb6
Rxc2 26. g3 Rfc8 27. Rf2 R2c6 28. Rxc6 Rxc6 29. Rd2 Kf8 30. Kf2 Ke7 31. Ke3
Rc1 32. b3 h5 33. Kd4 Kd6 34. b4 f6 35. a4 e5+ 36. fxe5+ fxe5+ 37. Ke4+ Ke6
38. Rb2 Ra1 39. a5 Ra4 40. Rb3 g5 41. h3 h4 42. gxh4 gxh4 43. Rb1 Ra3 44.
Rg1 Kf6 45. Rc1 Rxh3 46. Rc6+ Kg5 47. Rxa6 Rb3 48. Ra8 Rxb4+ 49. Kxe5 Kg4
50. a6 Kh3 51. a7 Ra4 52. Kf5 Kh2 53. Rh8 Rxa7 54. Rxh4+ 1/2-1/2

[Event "FIDE World Rapid Team"]
[Site "London ENG"]
[Date "2025.06.13"]
[Round "10.2"]
[White "Sapenov, Daniyal"]
[Black "Bilguun, Sumiya"]
[Result "0-1"]
[WhiteElo "2325"]
[BlackElo "2438"]
[EventDate "2025.06.11"]
[Board "2"]

1. Nf3 c5 2. g3 g6 3. Bg2 Bg7 4. O-O Nc6 5. c4 d6 6. Nc3 e5 7. Ne1 Be6 8.
d3 Nge7 9. Nd5 O-O 10. Nc2 Rb8 11. Bg5 f6 12. Bd2 b5 13. b3 Bf7 14. Nce3 f5
15. Rc1 b4 16. f4 Qd7 17. Kh1 Rbe8 18. a3 exf4 19. gxf4 bxa3 20. Bc3 Nd4
21. Rf2 Kh8 22. b4 a2 23. bxc5 dxc5 24. Ra1 Nxd5 25. Nxd5 Bxd5 26. Bxd5
Nxe2 27. Rxe2 Rxe2 28. Qxe2 Bxc3 29. Rxa2 Re8 30. Qf3 Re1+ 31. Kg2 Qe7 32.
Ba8 Bd4 33. h3 Re3 34. Qf1 Qh4 35. Kh2 Qg3+ 36. Kh1 Re1 0-1

[Event "FIDE World Rapid Team"]
[Site "London ENG"]
[Date "2025.06.13"]
[Round "10.2"]
[White "Batkhuyag, Munguntuul"]
[Black "Akhilbay, Imangali"]
[Result "0-1"]
[WhiteElo "2291"]
[BlackElo "2288"]
[EventDate "2025.06.11"]
[Board "3"]

1. e4 e6 2. d4 d5 3. Nc3 Nf6 4. e5 Nfd7 5. f4 c5 6. Nf3 Nc6 7. Be3 a6 8.
Qd2 b5 9. dxc5 Bxc5 10. Bd3 Qb6 11. Bf2 h6 12. O-O Bxf2+ 13. Qxf2 Qxf2+ 14.
Rxf2 g5 15. g3 Rg8 16. Kf1 Ke7 17. Ne2 gxf4 18. gxf4 f6 19. Ned4 Nxd4 20.
exf6+ Nxf6 21. Nxd4 Bd7 22. Re1 Kd6 23. Ke2 Raf8 24. Kd2 Nh5 25. Ref1 Rg4
26. Ke3 Rh4 27. Be2 Rh3+ 28. Kd2 Nf6 29. Rg2 Ne4+ 30. Ke1 Rh4 31. Rg6 Rf6
32. f5 e5 33. Nf3 Rf4 34. Nd2 Ke7 35. Nxe4 Rxe4 36. Rg7+ Kd8 37. Kd2 Rh4
38. Rg6 Rxf5 39. Rxf5 Bxf5 40. Rd6+ Ke7 41. Rxd5 Rxh2 42. Rxe5+ Kf6 43. Re8
Bg4 44. Ke1 Rxe2+ 45. Rxe2 Bxe2 46. Kxe2 Ke5 47. Kf3 Kd4 48. a3 a5 49. Kg4
Ke3 50. Kh5 Kd2 51. a4 b4 52. c4 bxc3 53. bxc3 Kxc3 54. Kxh6 Kb4 55. Kg5
Kxa4 56. Kf4 Kb3 57. Ke3 a4 58. Kd2 Kb2 0-1

[Event "FIDE World Rapid Team"]
[Site "London ENG"]
[Date "2025.06.13"]
[Round "10.2"]
[White "Nurman, Alua"]
[Black "Mungunzul, Bat-Erdene"]
[Result "1-0"]
[WhiteElo "2250"]
[BlackElo "2285"]
[EventDate "2025.06.11"]
[Board "4"]

1. e4 e5 2. Nc3 Nc6 3. Bc4 Nf6 4. d3 Bb4 5. Ne2 d6 6. a3 Ba5 7. b4 Bb6 8.
Na4 Be6 9. Ng3 Qd7 10. O-O O-O 11. Bg5 Ne8 12. c3 Nd8 13. Nb2 f6 14. Be3 d5
15. exd5 Bxd5 16. Bxd5+ Qxd5 17. c4 Qd7 18. c5 Ne6 19. Ne2 Rd8 20. Qb3 Kh8
21. Rad1 f5 22. f4 Nf6 23. Nc4 Nd5 24. Nxe5 Qb5 25. Nd4 Nxc5 26. Qxd5 Qe8
27. Qf3 Nd7 28. Nxd7 Qxd7 29. Nc2 Qa4 30. Bxb6 axb6 31. Rf2 c6 32. h3 h6
33. Re2 Kh7 34. d4 Rd7 35. Red2 Re8 36. Qd3 Re4 37. Qf3 Rde7 38. Kh2 Re8
39. Qh5 Rf8 40. Qf3 Rfe8 41. d5 cxd5 42. Nd4 Qd7 43. Rd3 Qc8 44. Nb5 Qb8
45. Rf1 Rd8 46. Nc3 Qc8 47. Nxd5 Qc6 48. Rfd1 Rde8 49. Nc3 Qc8 50. Qg3 R4e7
51. Nd5 Re6 52. Qf3 Qb8 53. Qh5 Rf8 54. Qf3 Rfe8 55. Rc1 Re4 56. Qh5 Kh8
57. Rc7 Rd8 58. Qf7 Rg8 59. Nf6 1-0

[Event "FIDE World Rapid Team"]
[Site "London ENG"]
[Date "2025.06.13"]
[Round "10.2"]
[White "Sodbilegt, Naranbold"]
[Black "Nurgaliyeva, Zarina"]
[Result "1/2-1/2"]
[WhiteElo "1946"]
[BlackElo "2081"]
[EventDate "2025.06.11"]
[Board "5"]

1. e4 e5 2. Nf3 Nc6 3. Bb5 a6 4. Ba4 Nf6 5. O-O Be7 6. Re1 b5 7. Bb3 d6 8.
c3 O-O 9. h3 Nb8 10. d4 Nbd7 11. Nbd2 Bb7 12. Bc2 Re8 13. a4 Bf8 14. Bd3 c6
15. Nf1 g6 16. Ng3 Bg7 17. Bg5 h6 18. Bd2 Qb6 19. b4 exd4 20. cxd4 c5 21.
e5 dxe5 22. dxc5 Qc7 23. axb5 e4 24. c6 exd3 25. cxb7 Qxb7 26. bxa6 Rxa6
27. Bc3 Rxe1+ 28. Nxe1 Rd6 29. Ra3 d2 30. Bxd2 Qxb4 31. Bxb4 Rxd1 32. Rd3
Rb1 33. Bd2 Nc5 34. Rd8+ Kh7 35. Kf1 Nfd7 36. Ke2 Ne5 37. Rd5 Ne6 38. f4
Nc6 39. Nf3 Rb2 40. Kd1 Nb4 41. Rd7 Kg8 42. Ne4 Rb1+ 43. Ke2 Nc6 44. Be3
Rb2+ 45. Ned2 Rb4 46. g3 Ra4 47. Rd6 Ne7 48. Bf2 Nf5 49. Rb6 Bc3 50. Rb8+
Kg7 51. Kd3 Bf6 52. Ne4 Ra3+ 53. Ke2 Bd8 54. Ne5 Bc7 55. Rb7 Bxe5 56. fxe5
Ra5 57. Be1 Nfd4+ 58. Kd3 Rxe5 59. Bc3 Rxe4 60. Kxe4 Nc5+ 61. Kxd4 Nxb7 62.
Kd5+ f6 63. Kc6 Nd8+ 64. Kd7 Nf7 65. Ke7 g5 66. Bxf6+ Kg6 67. Bc3 h5 68. g4
hxg4 69. hxg4 Nh6 70. Bd2 Nxg4 71. Bxg5 Kxg5 1/2-1/2

[Event "FIDE World Rapid Team"]
[Site "London ENG"]
[Date "2025.06.13"]
[Round "10.2"]
[White "Watson, Mikey J"]
[Black "Enkhbayar, Genden"]
[Result "1-0"]
[WhiteElo "1914"]
[BlackElo "1837"]
[EventDate "2025.06.11"]
[Board "6"]

1. d4 d5 2. Nf3 Nf6 3. e3 e6 4. Bd3 c5 5. b3 Nc6 6. a3 Bd6 7. Bb2 cxd4 8.
exd4 O-O 9. Nbd2 b6 10. O-O Bb7 11. Ne5 Rc8 12. f4 Qe7 13. Kh1 Rfd8 14. Qe2
Nd7 15. Qh5 f5 16. Nxd7 Rxd7 17. Rae1 Qf7 18. Qh4 Ne7 19. Qg3 Ng6 20. Qe3
Re7 21. b4 Qf6 22. Kg1 Qh4 23. g3 Qf6 24. Nf3 h6 25. Ne5 Kh7 26. Nxg6 Qxg6
27. Re2 h5 28. Qf3 a6 29. Rfe1 b5 30. h3 Kg8 31. Rg2 Qf7 32. c3 Rf8 33. Be2
g6 34. Bd3 Bc8 35. Kf2 Bd7 36. Bc1 Rc8 37. Bd2 a5 38. g4 hxg4 39. hxg4 axb4
40. axb4 Kg7 41. Reg1 Rh8 42. gxf5 exf5 43. Rxg6+ Qxg6 44. Rxg6+ Kxg6 45.
Qg2+ Kf7 46. Qxd5+ Be6 47. Qxd6 Rh2+ 48. Kg3 Rxd2 49. Bxb5 Rc2 50. Qc5 Rd2
51. Bc6 Rd3+ 52. Kf2 Rd2+ 53. Ke1 Rh2 54. Kf1 Rd2 55. Bd5 Kf6 56. Qd6 Rb2
57. Qe5+ Kg6 58. Bxe6 Rb1+ 59. Ke2 Rb2+ 60. Kd3 Rh2 61. Qxf5+ Kg7 62. Qg5+
1-0

[Event "FIDE World Rapid Team"]
[Site "London ENG"]
[Date "2025.06.13"]
[Round "10.3"]
[White "D`costa, Lorin"]
[Black "Harvey, Marcus R"]
[Result "0-1"]
[WhiteElo "2378"]
[BlackElo "2460"]
[EventDate "2025.06.11"]
[Board "1"]

1. d4 Nf6 2. Nf3 b6 3. c4 e6 4. a3 Bb7 5. Nc3 d5 6. Bg5 dxc4 7. e3 Be7 8.
Bxc4 O-O 9. O-O Nbd7 10. Qe2 a6 11. Rfd1 b5 12. Ba2 h6 13. Bh4 Ne4 14. Bg3
Nxc3 15. bxc3 Bd6 16. e4 Bxg3 17. hxg3 Qe7 18. a4 bxa4 19. Bb1 a3 20. e5
Rfb8 21. Nd2 c5 22. Qd3 Nf8 23. Nc4 Bd5 24. Nd6 cxd4 25. cxd4 Rb3 26. Qe2
Qc7 27. Be4 Bxe4 28. Qxe4 Rab8 29. Ra2 Ng6 30. d5 R8b4 31. Qe2 Rb2 32. Rxb2
axb2 33. dxe6 b1=Q 34. exf7+ Kh7 35. Rxb1 Rxb1+ 36. Kh2 Qc1 37. Kh3 Qh1+
38. Kg4 Qd1 39. Qxd1 Rxd1 40. e6 Re1 41. f4 Rxe6 0-1

[Event "FIDE World Rapid Team"]
[Site "London ENG"]
[Date "2025.06.13"]
[Round "10.3"]
[White "Wadsworth, Matthew J"]
[Black "Cumming, Rhys"]
[Result "1-0"]
[WhiteElo "2367"]
[BlackElo "2223"]
[EventDate "2025.06.11"]
[Board "2"]

1. c4 Nf6 2. g3 e5 3. Bg2 c6 4. Nf3 e4 5. Nd4 d5 6. cxd5 cxd5 7. d3 Bb4+ 8.
Nc3 O-O 9. O-O exd3 10. Qxd3 Nc6 11. Bg5 h6 12. Nxd5 hxg5 13. Nxc6 bxc6 14.
Nxb4 Qxd3 15. Nxd3 Ba6 16. Rfd1 Rad8 17. Rac1 Rfe8 18. Bf1 Bxd3 19. exd3
Re6 20. h3 Nd5 21. a3 Rb8 22. Rd2 Ne7 23. d4 Rd6 24. Rc5 f6 25. Ra5 Rb7 26.
Bg2 Rbd7 27. Kf1 g6 28. Ra6 Kf7 29. Ke1 Nf5 30. d5 cxd5 31. Rxd6 Nxd6 32.
Bxd5+ Kg7 33. Be6 Rd8 34. Kf1 Kf8 35. b4 Ke7 36. Re2 Ne8 37. Bc4+ Kf8 38.
Re6 Rd4 39. Be2 Kf7 40. Ra6 Rd7 41. Bb5 Rd1+ 42. Ke2 1-0

[Event "FIDE World Rapid Team"]
[Site "London ENG"]
[Date "2025.06.13"]
[Round "10.3"]
[White "Navrotescu, Andreea"]
[Black "Czopor, Maciej"]
[Result "0-1"]
[WhiteElo "2195"]
[BlackElo "2382"]
[EventDate "2025.06.11"]
[Board "3"]

1. d4 Nf6 2. c4 e6 3. Nc3 d5 4. cxd5 exd5 5. Bg5 c6 6. e3 Bd6 7. Bd3 O-O 8.
Nf3 Be6 9. Ne5 c5 10. O-O h6 11. Bh4 Nc6 12. Nxc6 bxc6 13. dxc5 Bxc5 14.
Rc1 Rc8 15. Ba6 Rc7 16. Na4 Bd6 17. Nc5 Qe7 18. b4 Bc8 19. Bd3 a5 20. a3
axb4 21. axb4 Ra7 22. Bb1 Re8 23. Qd4 Be5 24. Qd3 Bxh2+ 25. Kxh2 Ng4+ 26.
Kg3 Qd6+ 27. f4 Rxe3+ 28. Qxe3 Nxe3 29. Rf3 g5 30. Bxg5 hxg5 31. Rh1 Bg4
32. Rf2 Ra3 33. Kh2 gxf4 34. Re1 f3+ 35. g3 Qh6+ 36. Kg1 Qh3 0-1

[Event "FIDE World Rapid Team"]
[Site "London ENG"]
[Date "2025.06.13"]
[Round "10.3"]
[White "Willow, Jonah B"]
[Black "Tsaknakis, Zisis"]
[Result "0-1"]
[WhiteElo "2322"]
[BlackElo "2130"]
[EventDate "2025.06.11"]
[Board "4"]

1. e4 e5 2. Nf3 Nc6 3. Bb5 a6 4. Ba4 Nf6 5. O-O Be7 6. Bxc6 dxc6 7. d3 Nd7
8. Be3 c5 9. Nbd2 O-O 10. a4 a5 11. Kh1 Re8 12. Nc4 f6 13. Nh4 Nf8 14. Nf5
Ne6 15. Qg4 Kh8 16. f4 exf4 17. Bxf4 Bf8 18. Be3 Nd4 19. Bxd4 cxd4 20. Qf4
Be6 21. b3 Ra6 22. Rf3 Bxc4 23. bxc4 g6 24. Ng3 Rb6 25. Qd2 Bb4 26. Qf2 Re5
27. Rf1 Kg7 28. Ne2 Bc5 29. Nf4 Be7 30. Nd5 Rd6 31. Qg3 c6 32. c5 Rdxd5 33.
exd5 Qxd5 34. Qf2 f5 35. Rb1 Qd7 36. Qd2 Rxc5 37. Rh3 h5 38. Qe2 Bf6 39.
Rg3 h4 40. Rf3 b5 41. axb5 cxb5 42. Rf2 a4 43. Qf3 Rc7 44. Qa8 Ra7 45. Qb8
a3 46. Rff1 a2 47. Ra1 Bg5 48. Qe5+ Kh7 49. Rfd1 Be7 50. Qe1 Ra4 51. Qf2
Bb4 52. c3 dxc3 53. Rxa2 Rxa2 54. Qxa2 h3 55. d4 Qc7 56. Qc2 hxg2+ 57. Kxg2
Qf4 58. Rd3 Qe4+ 59. Kf2 Qf4+ 60. Kg2 Qe4+ 61. Kf2 Kg7 62. h3 g5 63. Qd1
Ba5 64. Re3 c2 65. Qa1 Qf4+ 66. Ke2 Bb6 67. Kd3 Bxd4 68. Re7+ Kf6 69. Qe1
Be5 0-1

[Event "FIDE World Rapid Team"]
[Site "London ENG"]
[Date "2025.06.13"]
[Round "10.3"]
[White "Russell, Christopher"]
[Black "Kueh, Audrey"]
[Result "0-1"]
[WhiteElo "2082"]
[BlackElo "2098"]
[EventDate "2025.06.11"]
[Board "5"]

1. e4 c6 2. Nf3 d5 3. d3 dxe4 4. dxe4 Qxd1+ 5. Kxd1 Nf6 6. Nfd2 g6 7. a4 b6
8. f3 Bh6 9. Nc4 Bxc1 10. Kxc1 Ba6 11. Nba3 O-O 12. Ne5 Bxf1 13. Rxf1 Nfd7
14. Nac4 Nxe5 15. Nxe5 f6 16. Nc4 Nd7 17. Rd1 Rfd8 18. b4 Rac8 19. Ra3 Kf7
20. Rad3 Ke8 21. Kb2 Nf8 22. e5 Rxd3 23. Rxd3 Rd8 24. Kc3 Rxd3+ 25. Kxd3
Kd7 26. Ke4 Ke6 27. f4 Nd7 28. g4 fxe5 29. Nxe5 Nxe5 30. fxe5 a6 31. c4 Kd7
32. h3 e6 33. Kd4 h6 34. h4 Kc7 35. a5 c5+ 36. Kc3 cxb4+ 37. Kxb4 Kc6 38.
Ka4 bxa5 39. Kxa5 Kc5 0-1